<?xml version="1.0" encoding="UTF-8"?><?xml-stylesheet type="text/xsl" href="static/style.xsl"?><OAI-PMH xmlns="http://www.openarchives.org/OAI/2.0/" xmlns:xsi="http://www.w3.org/2001/XMLSchema-instance" xsi:schemaLocation="http://www.openarchives.org/OAI/2.0/ http://www.openarchives.org/OAI/2.0/OAI-PMH.xsd"><responseDate>2026-04-14T02:56:06Z</responseDate><request verb="GetRecord" identifier="oai:www.recercat.cat:20.500.12327/2865" metadataPrefix="marc">https://recercat.cat/oai/request</request><GetRecord><record><header><identifier>oai:recercat.cat:20.500.12327/2865</identifier><datestamp>2025-10-22T11:48:05Z</datestamp><setSpec>com_2072_4428</setSpec><setSpec>com_2072_4427</setSpec><setSpec>col_2072_487896</setSpec></header><metadata><record xmlns="http://www.loc.gov/MARC21/slim" xmlns:dcterms="http://purl.org/dc/terms/" xmlns:xsi="http://www.w3.org/2001/XMLSchema-instance" xmlns:doc="http://www.lyncode.com/xoai" xsi:schemaLocation="http://www.loc.gov/MARC21/slim http://www.loc.gov/standards/marcxml/schema/MARC21slim.xsd">
   <leader>00925njm 22002777a 4500</leader>
   <datafield ind2=" " ind1=" " tag="042">
      <subfield code="a">dc</subfield>
   </datafield>
   <datafield ind2=" " ind1=" " tag="720">
      <subfield code="a">Casadó, V.</subfield>
      <subfield code="e">author</subfield>
   </datafield>
   <datafield ind2=" " ind1=" " tag="720">
      <subfield code="a">Romero, A.</subfield>
      <subfield code="e">author</subfield>
   </datafield>
   <datafield ind2=" " ind1=" " tag="720">
      <subfield code="a">Lipan, L.</subfield>
      <subfield code="e">author</subfield>
   </datafield>
   <datafield ind2=" " ind1=" " tag="720">
      <subfield code="a">Rovira, M.</subfield>
      <subfield code="e">author</subfield>
   </datafield>
   <datafield ind2=" " ind1=" " tag="260">
      <subfield code="c">2024-01</subfield>
   </datafield>
   <datafield ind2=" " ind1=" " tag="520">
      <subfield code="a">Uno de los principales problemas para obtener&#xd;
una buena calidad de la avellana y el beneficio del&#xd;
agricultor es la mancha blanca en el grano causada&#xd;
por la picada alimenticia de insectos sobre todo&#xd;
chinches como: Palomena prasina, Nezara viridula o&#xd;
Halyomorpha halys. El uso restringido de productos&#xd;
fitosanitarios y las limitadas opciones efectivas en la&#xd;
protección fitosanitaria en el cultivo del avellano han&#xd;
conducido a la necesidad de buscar alternativas no–&#xd;
químicas para solucionar los problemas que causan&#xd;
pérdidas en la producción y la calidad de la avellana.&#xd;
Entre el 2021 y el 2022 se realizaron hasta 10 ensayos&#xd;
diferentes en fincas comerciales de avellano donde&#xd;
se sembraron distintas especies utilizadas como&#xd;
potenciales “cultivos trampa”. Estas siembras atraen&#xd;
supuestamente a estos insectos y evitan su entrada&#xd;
en las plantaciones de avellano. Se observó que la&#xd;
combinación de estrategias agronómicas y la siembra de “cultivos trampa” podían suponer una buena&#xd;
alternativa a los productos químicos. De la misma&#xd;
manera, a partir de los controles realizados en las&#xd;
plantaciones, se observó que el depredador natural&#xd;
de chinches y otros insectos, Zelus renardii, tuvo un&#xd;
papel importante en la reducción de la población de&#xd;
las chinches en las plantaciones de avellano.</subfield>
   </datafield>
   <datafield ind1="8" ind2=" " tag="024">
      <subfield code="a">2013-5743</subfield>
   </datafield>
   <datafield ind1="8" ind2=" " tag="024">
      <subfield code="a">http://hdl.handle.net/20.500.12327/2865</subfield>
   </datafield>
   <datafield ind2="0" ind1="0" tag="245">
      <subfield code="a">Nuevas estrategias de control de chinches en el cultivo del avellano: “cultivos trampa” y el depredador natural (Zelus renardii) identificado en el Camp de Tarragona</subfield>
   </datafield>
</record></metadata></record></GetRecord></OAI-PMH>